| 000 | 01404nam0a2200313 4500 | ||
|---|---|---|---|
| 001 | RU\NLR\bibl\1258915 | ||
| 005 | 20250615130459.0 | ||
| 010 |
_a978-5-17-048909-1 _bАСТ |
||
| 010 |
_a978-5-478-00777-5 _bВосток - Запад _94000 |
||
| 021 |
_aRU _b2008-46514 _92568 |
||
| 035 | _a(NLR Aleph) 001244928 | ||
| 090 |
_a282492 _c282492 |
||
| 100 | _a20080805d2008 |||y0rusy50 ca | ||
| 101 | 0 |
_arus _ager |
|
| 102 | _aRU | ||
| 105 | _ay ||||||||| | ||
| 200 | 1 |
_aНемецко-русский словарь современного сленга и ненормативной лексики _eболее 1500 слов и словосочетаний |
|
| 210 |
_aМосква _cАСТ _cВосток - Запад _d2008 |
||
| 215 |
_a218, [1] с. _d17 |
||
| 300 | _aИзд. также под загл.: Немецкий сленг. Словарь-разговорник | ||
| 451 | 0 |
_12001#$aНемецкий сленг. Словарь-разговорник _tНемецкий сленг. Словарь-разговорник |
|
| 606 | 1 |
_aНемецкий язык _xСловари профессиональных и социальных диалектов _xРусский язык _92084251 _3RU\NLR\auth\661260334 |
|
| 686 | _aШ143.24-457.1 | ||
| 686 | _aШ141.12-457.2 | ||
| 801 | 0 |
_aRU _bNLR _c20080805 _gRCR |
|
| 801 | 1 |
_aRU _bNLR _c20080805 |
|
| 942 | _cBOOK | ||
| 980 | _aNB | ||